1337 1314 1245 1217 1272 1159 1593 1518 1648 1682 1122 1726 1007 1760 1182 1053 1091 1271 1959 1880 1415 1120 1855 1766 1701 1766 1836 1916 1334 1421 1406 1034 1843 1834 1795 1031 1752 1217 1790 1109 1430 1315 1367 1108 1907 1216 1003 1809 1557 1647 1355 1562 1831 1714 1763 1110 1700 1458 1656 1767 1095 1874 1235 1946 1326 1144 1270 1789 1486 1721 1326 1441 1257 1091 1464 1475 1843 1658 1032 1870 1195 1039 1721 1567 1330 1455 1118 1682 1794 1288 1633 1817 1112 1553 1077 1503 1438 1739 1370 BCNSPRNW ULIB Ver.6.0+V

เปลี่ยนเป็นภาษาไทย

Change to English
 แสดงรายละเอียดบรรณานุกรม
  กลับหน้าหลัก

Brief Record : Get Marc (ISO 2709) : E-mail record : QR code < ปิดหน้าต่าง
LEADER : 00000nam 2200000uu 4500
001    13399114117
003     ULIB
008    120216s2543||||th 000 0 tha d
060 04 ^aWA100^bส877น 2543
100 0  ^aสุวาลี ชูเกียรติ
245 10 ^aนวัตกรรมสาธารณสุขไทย =^bThai public health innovation /^cสุวาลี ชูเกียรติ
246 31 ^aThai public health innovation
260    ^aนนทบุรี :^bโครงการสวัสดิการวิชาการ สถาบันพระบรมราชชนกกระทรวงสาธารณสุข,^c2543
300    ^a305 หน้า :^bภาพประกอบ ;^c26 ซม.
650  7 ^aนวัตกรรมทางการแพทย์^zไทย
650  7 ^aสาธารณสุข^zไทย
710 2  ^aสถาบันพระบรมราชชนก. ^bโครงการสวัสดิการวิชาการ
945    ^p0^l0^i11019
995    ^aกัณชพร
999    ^aใช้งานได้ทุกระบบ
รายการนี้ยังไม่มีแท็ก
คุณยังไม่ได้ล็อกอิน คุณสามารถมีกิจกรรมร่วมกับเว็บไซต์ได้ แต่ต้องล็อกอินก่อน ::
  ล็อกอิน

รายการสื่อสารสนเทศ

ลำดับที่ ประเภท เลขเรียก/บาร์โค้ด สถานที่ สถานะ
- ไม่พบข้อมูล -

รายการใกล้เคียง
    ผู้แต่ง [สุวาลี ชูเกียรติ]

BibComment


ยังไม่เคยถูกคอมเมนท์

คอมเมนท์ทรัพยากรรายการนี้
  คอมเมนท์: นวัตกรรมสาธารณสุ..


 Copyright 2026. Bcnsprnw @Library